| 000 | 00486cam a2200193 4500 | ||
|---|---|---|---|
| 008 | 090401t1973 xxu||||| |||| 00| 0 eng d | ||
| 020 | _a0080177417 | ||
| 035 | _a(Sirsi) u12329 | ||
| 041 | _aeng | ||
| 050 | _a711.01 | ||
| 100 | _aFaludi, Andreas | ||
| 245 | _aPlanning theory | ||
| 260 |
_aOxford _bPergamon _c1973 |
||
| 300 | _axii. 306p. ill. 22cm. Bibl. Index | ||
| 350 | _a4.75 | ||
| 490 |
_aUrban and Regional Planning Series _vvol 7 |
||
| 942 | _n0 | ||
| 948 | _c04/03/1997 | ||
| 999 |
_c86978 _d86978 |
||